Hotel California : cantautores y vaqueros cocainómanos en el Laurel Canyon 1967-1976 /

Gespeichert in:
Bibliographische Detailangaben
1. Verfasser: Hoskyns, Barney (autor)
Format: Buch
Sprache:Spanisch
Veröffentlicht: Barcelona, España : Contra, 2021, c2021
Schlagworte:
Tags: Tag hinzufügen
Keine Tags, Fügen Sie das erste Tag hinzu!

MARC

LEADER 00000nam^a2200000^a^4500
001 000592558
005 20250521000000.0
009 20260310132950.596
020 |a 978-84-18282-42-3 
037 |a Acervo ITESO - Biblioteca 
041 |a ESP 
082 |a 787. 309739494  |b HOS 
100 |a Hoskyns, Barney  |e (autor) 
245 1 0 |a Hotel California :  |b cantautores y vaqueros cocainómanos en el Laurel Canyon 1967-1976 /  |c B. Hoskyns ; tr. por Elvira Asensi. 
264 4 |a Barcelona, España :  |b Contra,  |c 2021, c2021 
300 |a 414 p. +  |e 1 separador 
336 |a texto  |b txt  |2 rdacontenido 
337 |a sin mediación  |b n  |2 rdamedio 
338 |a volumen  |b nc  |2 rdasoporte 
500 |a Traducción de: Hotel California: Singer-Songwriters and Cocaine Cowboys in the LA Canyons 1967-1976 
521 |a FIL 2024 DIA 
649 |a XX 
650 |a Músicos Norteamericanos 
650 |a Drogadicción -  |z EUA -  |x Historia 
650 |a Contracultura -  |z Los Angeles, EUA -  |x Historia -  |x Tema Principal 
650 |a Contracultura -  |z EUA -  |x Historia 
650 |a Rock -  |z EUA -  |x Historia y Crítica 
650 |a Canción de Autor -  |z EUA -  |x Historia y Crítica -  |x Tema Principal 
650 |a Música Popular Moderna -  |z EUA -  |x Historia y Crítica 
650 |a Música Norteamericana -  |x Historia y Crítica 
650 |a Los Angeles, EUA -  |x Historia -  |y Siglo XX 
650 |a Los Angeles, EUA -  |x Condiciones Sociales y Culturales 
910 |a Fondo General 
920 |a Impresos - Libros 
930 |a Colección General 
905 |a 101 
901 |a 592558-10  |b IT1  |c ACC  |i C188441  |u 20250521 
901 |a 592558-20  |b IT2  |c FOL  |i C189072  |u 20250521 
902 |a https://opac.biblio.iteso.mx/vufind/Record/000592558